Trang phục của người Hmông Đen ở huyện Sa Pa, tỉnh Lào Cai
Khái quát về người Hmông Đen ở huyện Sa Pa, tỉnh Lào Cai. Tìm hiểu quá trình tạo ra trang phục, đồ trang sức, các loại trang phục cũng như nghệ thuật trang trí trên trang phục và sự biến đổi của trang phục của người Hmông Đen hiện nay....
Gespeichert in:
| 1. Verfasser: | |
|---|---|
| Format: | Buch |
| Sprache: | Vietnamese |
| Veröffentlicht: |
H.
Mỹ thuật
2016
|
| Schlagworte: | |
| Tags: |
Tag hinzufügen
Keine Tags, Fügen Sie den ersten Tag hinzu!
|
| Thư viện lưu trữ: | Mạng thư viện Đại học Đà Nẵng |
|---|
| LEADER | 01951nam a2200397 4500 | ||
|---|---|---|---|
| 001 | 000024760 | ||
| 003 | 21249 | ||
| 005 | 20170223090240.0 | ||
| 008 | 170210s2016 viesd | ||
| 041 | 0 | |a vie | |
| 082 | 1 | 4 | |a 391.008995972 |b NG-H |
| 100 | 1 | |a Nguyễn Thị Hoa | |
| 245 | 1 | 0 | |a Trang phục của người Hmông Đen ở huyện Sa Pa, tỉnh Lào Cai |c Nguyễn Thị Hoa |
| 260 | |a H. |b Mỹ thuật |c 2016 | ||
| 300 | |a 303 tr. |b hình vẽ, ảnh |c 21 cm. | ||
| 500 | |a ĐTTS ghi: Hội Văn nghệ dân gian Việt Nam | ||
| 504 | |a Thư mục: tr. 247-248. - Phụ lục: tr. 249-296 | ||
| 520 | 3 | |a Khái quát về người Hmông Đen ở huyện Sa Pa, tỉnh Lào Cai. Tìm hiểu quá trình tạo ra trang phục, đồ trang sức, các loại trang phục cũng như nghệ thuật trang trí trên trang phục và sự biến đổi của trang phục của người Hmông Đen hiện nay. | |
| 650 | 0 | 4 | |a Trang phục |x Người Hmông Đen |x Văn hóa dân gian |z Việt Nam (Lào Cai) |
| 650 | 0 | 4 | |a Văn hóa dân gian |x Trang phục |x Người Hmông Đen |z Việt Nam (Lào Cai) |
| 653 | |a Dân tộc Hmông | ||
| 653 | |a Trang phục truyền thống | ||
| 653 | |a Lào Cai | ||
| 653 | |a Sa Pa | ||
| OWN | |a LSP | ||
| AVA | |a UDN50 |b LNN |d 391.008995972 VU-N |e available |t Error 5001 Not defined in file expand_doc_bib_avail. |f 2 |g 0 |h N |i 0 | ||
| AVA | |a UDN50 |b LSP |d 391.008995972 NG-H |e available |t Error 5001 Not defined in file expand_doc_bib_avail. |f 1 |g 0 |h N |i 0 |k 1 | ||
| 999 | |a From the UDN01 | ||
| AVA | |a UDN50 |b LNN |d 391.008995972 VU-N |e available |t Error 5001 Not defined in file expand_doc_bib_avail. |f 2 |g 0 |h N |i 0 | ||
| AVA | |a UDN50 |b LSP |d 391.008995972 NG-H |e available |t Error 5001 Not defined in file expand_doc_bib_avail. |f 1 |g 0 |h N |i 0 |k 1 | ||
| TYP | |a Monograph | ||
| TYP | |a Printed language | ||
| 980 | |a Mạng thư viện Đại học Đà Nẵng | ||